000 nam a22 7a 4500
999 _c19257
_d19257
008 170116b xxu||||| |||| 00| 0 eng d
020 _a0140290044
050 _aHD2731
_b.B34 2004
100 _aBakan,Joel
245 _aThe Corporation :
_bThe Pathological pursuit of profit and power/
_cJoel Bakan
260 _aCanada :
_bPenguin group,
_cc2004
300 _a230p. :
500 _aincludes bibliography and index.
942 _2lcc
_cBOOKS
_hHD2731 .B34 2004